00655nam a22001457a 4500003000400000005001700004008004100021040001400062100002700076245019900103260003500302300002900337500011100366504003200477OSt20250920141209.0241125b |||||||| |||| 00| 0 eng d aMMSUcULS aAlipio, Mark Angelo A. aContamination of helminths and protozoan parasites in lettuce (Lactuca sativa L.) and cabbage (Brassica oleracea var capitata L.) sold in Laoag City market, Ilocos Norte /cMark Angelo A. Alipio aCity of Batac :bMMSU, c2024. axv, 97 leaves ;c29 cm.  aThesis (BS Biology) -- Mariano Marcos State University - College of Arts & Sciences, City of Batac, 2024.  aBibliography : leaves 55-61